Millennium architecture studio: selected and current works, projects et realisations (Record no. 66918)
[ view plain ]
| 000 -LEADER | |
|---|---|
| fixed length control field | 00315nam a22001097a 4500 |
| 005 - DATE AND TIME OF LATEST TRANSACTION | |
| control field | 20251009101948.0 |
| 008 - FIXED-LENGTH DATA ELEMENTS--GENERAL INFORMATION | |
| fixed length control field | 251009b |||||||| |||| 00| 0 eng d |
| 040 ## - CATALOGING SOURCE | |
| Transcribing agency | PK-LaNCA |
| 082 ## - DEWEY DECIMAL CLASSIFICATION NUMBER | |
| Classification number | 720.12 |
| Item number | MIL |
| 245 ## - TITLE STATEMENT | |
| Title | Millennium architecture studio: selected and current works, projects et realisations |
| 942 ## - ADDED ENTRY ELEMENTS (KOHA) | |
| Koha item type | Book |
| 999 ## - | |
| -- | 66918 |
| -- | 66918 |
| Withdrawn status | Weedout from Library | Permanent Location | Current Location | Date acquired | Full call number | Barcode | Price effective from | Koha item type |
|---|---|---|---|---|---|---|---|---|
| NATIONAL COLLEGE OF ARTS, RAWALPINDI CAMPUS - LIBRARY | NATIONAL COLLEGE OF ARTS, RAWALPINDI CAMPUS - LIBRARY | 09/10/2025 | MIL 720.12 RP007124 | RP007124 | 09/10/2025 | Book |